• 首页
  • 本馆介绍
  • 公告通知
  • 最新文献
  • 馆藏检索
  • 电子资源
  • 读者导购
  • 参考咨询
  • 我的图书馆
  • 登录
  • 详细信息显示
  • 放入我的书架
  • 预约/预借图书
  • 作者相关作品
  • 分类相关作品
  • 丛书相关作品
  • 出版社相关作品

书目信息

  • 表格格式
  • 工作单格式
  • 卡片格式
题名:
互联网知识产权典型案例精选与注解
    
 
作者: 宋建宝 主编
分册:  
出版信息: 北京   人民法院出版社  2019
页数: 297页
开本: 24cm
丛书名:
单 册:
中图分类: D923.405 , D923.4
科图分类:
主题词: 互联网络--知识产权--案例--中国
电子资源:
ISBN: 978-7-5109-2525-2
000 00967nam0 2200229 450
001 2037950726
005 20201203103238.96
010    @a978-7-5109-2525-2@dCNY62.00
100    @a20190719d2019 em y0chiy50 ea
101 0  @achi
102    @aCN@b110000
105    @ay z 000yy
200 1  @a互联网知识产权典型案例精选与注解@9hu lian wang zhi shi chan quan dian xing an li jing xuan yu zhu jie@b专著@f宋建宝主编
210    @a北京@c人民法院出版社@d2019
215    @a297页@d24cm
330    @a本书所收录的互联网知识产权典型案例涉及著作权、商标权、专利权以及不正当竞争等主要类型的知识产权纠纷,涵盖了当前互联网知识产权领域的热点问题和难点问题。通过对这些典型案例进行收集、分析和注解,介绍当前涉及互联网知识产权纠纷的争议焦点、审理难点、裁判要点等案件审理的基本情况。
606 0  @a互联网络@x知识产权@x案例@y中国
690    @aD923.405@v5
690    @aD923.4@v4
701  0 @a宋建宝@9song jian bao@4主编
801  2 @aCN@b58marc.cn@c20190901
905    @aZUCC@dD923.4@e21
    
    互联网知识产权典型案例精选与注解/宋建宝主编.-北京:人民法院出版社,2019
    297页;24cm
    
    
    ISBN 978-7-5109-2525-2:CNY62.00
    本书所收录的互联网知识产权典型案例涉及著作权、商标权、专利权以及不正当竞争等主要类型的知识产权纠纷,涵盖了当前互联网知识产权领域的热点问题和难点问题。通过对这些典型案例进行收集、分析和注解,介绍当前涉及互联网知识产权纠纷的争议焦点、审理难点、裁判要点等案件审理的基本情况。
●
相关链接 在五车中查询图书 在当当中查询图书 在豆瓣中查询图书


正题名:互联网知识产权典型案例精选与注解     索取号:D923.4/21         预约/预借

序号 登录号 条形码 馆藏地/架位号 状态 备注
1 2000872397   2000872397   第二书库/ [索取号:D923.4/21] 在馆    
2 2000872398   2000872398   第二书库/ [索取号:D923.4/21] 在馆    
3 2000872399   2000872399   第二书库/ [索取号:D923.4/21] 在馆    
山东省滨州职业学院图书馆 欢迎您!
大连网信软件有限公司© 版权所有